US States as Sorted Heterograms - Statistics

General Stats
  • This quiz has been taken 10 times
  • The average score is 46 of 50
Answer Stats
Heterogram State % Correct
ABLM Alabama
100%
AINORZ Arizona
100%
AKNRS Arkansas
100%
ACFILNOR California
100%
ACDLOR Colorado
100%
ADFILOR Florida
100%
AEGIOR Georgia
100%
ADIHO Idaho
100%
ILNOS Illinois
100%
AIOW Iowa
100%
AKNS Kansas
100%
CEKNTUY Kentucky
100%
ACGHIMN Michigan
100%
AMNOT Montana
100%
ADENV Nevada
100%
HIO Ohio
100%
AHKLMO Oklahoma
100%
AHTU Utah
100%
AGINRV Virginia
100%
AGHINOSTW Washington
100%
CINOSW Wisconsin
100%
AKLS Alaska
90%
AHIW Hawaii
90%
ADIN Indiana
90%
AILNOSU Louisiana
90%
AEIMN Maine
90%
ADLMNRY Maryland
90%
IMPS Mississippi
90%
ABEKNRS Nebraska
90%
EJNRSWY New Jersey
90%
CEIMNOWX New Mexico
90%
EKNORWY New York
90%
ACHILNORT North Carolina
90%
ADHKNORT North Dakota
90%
ADHKOSTU South Dakota
90%
ENST Tennessee
90%
AESTX Texas
90%
AEGINRSTVW West Virginia
90%
GINMOWY Wyoming
90%
CEINOTU Connecticut
80%
ADELRW Delaware
80%
ACEHMSTU Massachusetts
80%
IMORSU Missouri
80%
AEHIMNPRSW New Hampshire
80%
EGNOR Oregon
80%
AEILNPSVY Pennsylvania
80%
ADEHILNORS Rhode Island
80%
ACHILNORSTU South Carolina
80%
EMNORTV Vermont
80%
AEIMNOST Minnesota
70%
No matching quizzes found
Score Distribution
Percent of People with Each Score
Percentile by Number Answered
Your Score History
You have not taken this quiz